Effect of insecticide application timing on pollinator diversity in mustard field bordered by attractant crop / (Record no. 16059)

MARC details
000 -LEADER
fixed length control field 01209nam a22002777a 4500
003 - CONTROL NUMBER IDENTIFIER
control field BD-DhSAU
005 - DATE AND TIME OF LATEST TRANSACTION
control field 20220926163259.0
008 - FIXED-LENGTH DATA ELEMENTS--GENERAL INFORMATION
fixed length control field 150612b2021 bg ad||| m||| 00| 0 eng d
040 ## - CATALOGING SOURCE
Original cataloging agency BD-DhSAU
082 ## - DEWEY DECIMAL CLASSIFICATION NUMBER
Edition number 22
Classification number 595.7
Item number Sh38
100 ## - MAIN ENTRY--PERSONAL NAME
Personal name Shefa, Sadia Afrin
Relator term Registration no. # 14-06066
245 ## - TITLE STATEMENT
Title Effect of insecticide application timing on pollinator diversity in mustard field bordered by attractant crop /
Remainder of title MS thesis
Statement of responsibility, etc. Sadia Afrin Shefa
260 ## - PUBLICATION, DISTRIBUTION, ETC. (IMPRINT)
Place of publication, distribution, etc. Sher-e-Bangla Agricultural Uniersity :
Name of publisher, distributor, etc. Department of Entomology,
Date of publication, distribution, etc. June, 2021.
300 ## - PHYSICAL DESCRIPTION
Extent viii, 49 p. :
Other physical details ill. ;
Dimensions 30 cm.
500 ## - GENERAL NOTE
General note MS thesis of Department of Entomology, Faculty of Agriculture, Sher-e-Bangla Agricultural University, Dhaka, Bangladesh
504 ## - BIBLIOGRAPHY, ETC. NOTE
Bibliography, etc Includes bibliographical reference.
590 ## - Name of Cataloguer
Name of Cataloger Kobir <br/>
650 ## - SUBJECT ADDED ENTRY--TOPICAL TERM
Topical term or geographic name as entry element Entomology
650 ## - SUBJECT ADDED ENTRY--TOPICAL TERM
Topical term or geographic name as entry element Pollinator diversity
650 ## - SUBJECT ADDED ENTRY--TOPICAL TERM
Topical term or geographic name as entry element Mustard field
650 ## - SUBJECT ADDED ENTRY--TOPICAL TERM
Topical term or geographic name as entry element Attractant crop
700 ## - ADDED ENTRY--PERSONAL NAME
Personal name Hossain, Mohammed Sakhawat
Relator term Superviser
700 ## - ADDED ENTRY--PERSONAL NAME
Personal name Rahman, Md. Mizanur
Relator term Co-superviser
856 ## - ELECTRONIC LOCATION AND ACCESS
Uniform Resource Identifier <a href="http://archive.saulibrary.edu.bd:8080/xmlui/handle/123456789/3858">http://archive.saulibrary.edu.bd:8080/xmlui/handle/123456789/3858</a>
942 ## - ADDED ENTRY ELEMENTS (KOHA)
Source of classification or shelving scheme Dewey Decimal Classification
Koha item type MS Level Thesis
Holdings
Withdrawn status Lost status Source of classification or shelving scheme Damaged status Not for loan Collection code Home library Branch Name Shelving location Date acquired Total Checkouts Full call number Barcode Date last seen Price effective from Koha item type
    Dewey Decimal Classification   Not For Loan Reference SAU Library SAU Library Reference 28/06/2022   595.7 Sh38 43557 26/09/2022 26/09/2022 MS Level Thesis